01469nam a2200397 i 450000100060000000300080000600500170001400600190003100700150005000800410006502000180010602000270012403500230015103500240017403500250019803500220022304000310024505000210027608000080029708200160030510000290032124500960035026400510044630000440049733600310054133700330057233800430060550000230064858801260067165000420079765000500083965000420088965000510093165500270098285600620100948277FlNmELB20241216231932.0m o d | cr cnu||||||||170810s2016 ck o 001 0 spa d z9789587417005 a9789587417012 (e-book) a(MiAaPQ)EBC4850312 a(Au-PeEL)EBL4850312 a(CaPaEBR)ebr11379842 a(OCoLC)1105425658 aFINmELBbspaerdacFINmELB 4aTS156bB238 2016 a6580 a658.5622231 aBarbosa Correa, Rodrigo.10aMonitoreo y análisis estadístico de proceso con aplicaciones /cRodrigo Barbosa Correa. 1aBarranquilla :bUniversidad del Norte,c[2016] a1 recurso en línea (x, 145 páginas) atextobtxt2rdacontent/spa acomputadorabc2rdamedia/spa arecurso en líneabcr2rdacarrier/spa aContiene índice. aDescripción basada en recurso en línea; Título de la página del título en PDF (e-libro, visto August 10, 2017). 0aQuality controlxStatistical methods. 4aControl de calidadxMétodos estadísticos. 0aProcess controlxStatistical methods. 4aControl de procesosxMétodos estadísticos. 4aLibros electrónicos.40uhttps://elibro.net/ereader/politecnicointernacional/69992